Laboratórne cvičenia z elektrotechniky pre poslucháčov strojníckeho inžinierstva

Salvato in:
Dettagli Bibliografici
Autore principale: Puzjak, Ivan (Autore)
Natura: Libro
Lingua:slovacco
Pubblicazione: Bratislava : SVTL, 1964
Edizione:1. vyd.
Soggetti:
Tags: Aggiungi Tag
Nessun Tag, puoi essere il primo ad aggiungerne!!

MARC

LEADER 00000nam a22000003a 4500
001 stu82736
005 20150617225638.1
008 031205s1964----cs------------------slo-d
040 |a STU  |b slo 
041 0 |a slo 
044 |a cs 
080 |a 621.317 
100 1 |a Puzjak, Ivan  |4 aut 
245 1 |a Laboratórne cvičenia z elektrotechniky pre poslucháčov strojníckeho inžinierstva 
250 |a 1. vyd. 
260 |a Bratislava :  |b SVTL,  |c 1964 
300 |a 177 s 
650 7 |a elektrotechnika  |2 stusub 
996 |b 284J015484  |c J*6901  |l JJSK  |s A  |a 24  |w stu82736_0001